| 000 | 00380nam a2200157 a 4500 | ||
|---|---|---|---|
| 020 | _a2040154094 : | ||
| 040 | _cDLC | ||
| 082 | 0 | 0 | _a330 DUN 1982 A012 Or. |
| 100 | 1 | _aPoulon, Frédéric. | |
| 245 | 1 | 0 | _aEconomie générale / |
| 260 |
_aParis : _bDunod, _cc1982. |
||
| 300 |
_axvi, 478 p. : _bill. ; _c24 cm. |
||
| 500 | _aIncludes index. | ||
| 650 | 0 | _aEconomics. | |
| 942 | _cFB | ||
| 999 |
_c13866 _d13866 |
||